书目信息 |
| 题名: |
初中植物课堂巩固练习
|
|
| 作者: | ;北京市海淀区教师进修学校 主编 | |
| 分册: | ||
| 出版信息: | 重庆 重庆出版社 1983 |
|
| 页数: | 42页 | |
| 开本: | 19cm | |
| 丛书名: | ||
| 单 册: | ||
| 中图分类: | G634.91 , G633.91 | |
| 科图分类: | ||
| 主题词: | 植物学--初中--习题 , 教育--各级 | |
| 电子资源: | ||
| ISBN: | ||
| 000 | 00779nam0 2200265 45 | |
| 001 | 0183010765 | |
| 005 | 20040506110056.5 | |
| 010 | @dCNY0.14 | |
| 091 | @a7114.61 | |
| 100 | @a19950525d1983 demy0chiy0121 ea | |
| 101 | 0 | @achi |
| 102 | @aCN@b510000 | |
| 105 | @ay q 000yy | |
| 106 | @ar | |
| 200 | 10 | @a初中植物课堂巩固练习@Achu zhong zhi wu ke tang gong gu lian xi@f北京市海淀区教师进修学校主编 |
| 210 | @a重庆@c重庆出版社@d1983 | |
| 215 | @a42页@d19cm | |
| 606 | @a植物学@x初中@x习题 | |
| 606 | 0 | @a教育@x各级 |
| 690 | @aG634.91@v3 | |
| 690 | @aG633.91 | |
| 711 | 02 | @a北京市海淀区教师进修学校@Abei jing shi hai dian qu jiao shi jin xiu xue xiao@4主编 |
| 801 | 0 | @aCN@b上海图书馆@c20040506 |
| 801 | 2 | @aCN@bNLC@c20040506 |
| 905 | @f4@b161709-712@dG633.91@e20 | |
| 初中植物课堂巩固练习/北京市海淀区教师进修学校主编.-重庆:重庆出版社,1983 |
| 42页;19cm |
| ISBN :CNY0.14 |
| ● |
| 相关链接 |
|
|
|
|
正题名:初中植物课堂巩固练习
索取号:G633.91/20
 
预约/预借
| 序号 | 登录号 | 条形码 | 馆藏地/架位号 | 状态 | 备注 |
| 1 | 0161709 | 000253834 | 密集书库/ [索取号:G633.91/20] | 在馆 | |
| 2 | 0161710 | 000253816 | 密集书库/ [索取号:G633.91/20] | 在馆 | |
| 3 | 0161711 | 000253825 | 密集书库/ [索取号:G633.91/20] | 在馆 | |
| 4 | 0161712 | 000253843 | 密集书库/ [索取号:G633.91/20] | 在馆 | |
| 5 | 0161713 | 000253772 | 第一样本阅览室/ [索取号:G633.91/20] | 在馆 |